header

Into the networked age (Record no. 19018)

MARC details
000 -LEADER
fixed length control field 01528nam a2200361Ia 4500
100 1# - MAIN ENTRY--AUTHOR NAME
Personal name Cortada, James W.
245 10 - TITLE STATEMENT
Title Into the networked age
260 ## - PUBLICATION, DISTRIBUTION, ETC. (IMPRINT)
Place of publication New York :
Name of publisher Oxford University Press,
Year of publication 1999.
300 ## - PHYSICAL DESCRIPTION
Number of Pages xxi, 233 p. :
Other physical details ill.
650 #0 - SUBJECT ADDED ENTRY--TOPICAL TERM
Topical Term Business networks.
Topical Term International business enterprises
Topical Term Strategic alliances (Business)
700 1# - ADDED ENTRY--PERSONAL NAME
Personal name Hargraves, Thomas S.
Personal name Wakin, Edward.
856 40 - ELECTRONIC LOCATION AND ACCESS
Uniform Resource Identifier http://site.ebrary.com/lib/rucke/Doc?id=10278017

No items available.

© 2026 Rongo University
Contact us: librarian | system librarian | Rongo university